| 000 | 00884nam a22003017a 4500 | ||
|---|---|---|---|
| 001 | BR0501028 | ||
| 003 | BR-BrBNA | ||
| 005 | 20230928101822.0 | ||
| 007 | ta | ||
| 008 | 230509b bl.||||| |||| 00| 0 por d | ||
| 040 |
_aBR-BrBNA _bpor _cBiblioteca Nacional de Agricultura |
||
| 041 | _a(Por) | ||
| 072 |
_aE50; T01 _b8415 _b8400 _b4390 |
||
| 090 | _ 8415 BR0501028 | ||
| 100 | 1 | _aAmaral, W. do | |
| 110 | 1 |
_aInstituto Brasileiro de Helicicultura, Atibaia, SP (Brasil) _95793 |
|
| 245 | 1 | _aPrograma Nacional de Saneamento Ambiental da Invasão da Achatina fulica - preocupação nacional | |
| 260 | 3 |
_aAtibaia, SP (Brasil): _c2002. |
|
| 300 | _a96 p. | ||
| 650 | _aESCARGOT | ||
| 650 | _aMOLUSCO | ||
| 650 | _aINTOXICAÇÃO | ||
| 650 | _aMEIO AMBIENTE | ||
| 650 | _aSAÚDE PÚBLICA | ||
| 650 | _aCONTAMINAÇÃO | ||
| 909 |
_a202309 _bLucia _c55 _dLucia Elande |
||
| 942 | _cBK | ||
| 999 |
_c67739 _d67739 |
||